Integrated photoelasticity /

Bibliographic Details
Main Author: Aben, Hillar
Format: Book
Language:English
Undetermined
Published: New York : McGraw Hill International Book Co., [1979]
Series:Advanced book program
Subjects:

MARC

Tag First Indicator Second Indicator Subfields
LEADER 00000cam a22000008i 4500
001 in00000061485
005 20151007082805.0
008 780808s1979 nyua b 00110 eng
010 |a  78040622  
015 |a GB78 
020 |a 0070000433 :  |c 29.50 
035 |a (OCoLC)04193546 
035 |9 AAF8413AM 
040 |a DLC  |c DLC  |d TXA  |d UtOrBLW 
041 1 |a eng  |a und 
049 |a TXAM  |c [1242872] 
050 0 0 |a TA418.12  |b .A2313 
082 0 |a 620.1/1295 
100 1 |a Aben, Hillar. 
245 1 0 |a Integrated photoelasticity /  |c Hillar Aben. 
264 1 |a New York :  |b McGraw Hill International Book Co.,  |c [1979] 
264 4 |c ©1979 
300 |a xv, 203 pages :  |b illustrations ;  |c 24 cm. 
336 |a text  |b txt  |2 rdacontent 
337 |a unmediated  |b n  |2 rdamedia 
338 |a volume  |b nc  |2 rdacarrier 
490 0 |a Advanced book program 
500 |a A translation with revisions of Integralnaia fotouprugost. 
500 |a Includes index. 
504 |a Bibliography: pages 185-200. 
650 0 |a Photoelasticity. 
999 |a MARS 
999 f f |s 69b8df39-c7a0-3887-baf0-d133f77dc377  |i b3465c52-efb9-376f-8f6a-830d2bc6d1b9  |t 0 
952 f f |p ric  |a Texas A&M University  |b Rellis Campus  |c Joint Library Facility  |d Remote Storage  |t 0  |e TA418.12 .A2313  |h Library of Congress classification  |i unmediated -- volume  |m A14805315130 
998 f f |a TA418.12 .A2313  |t 0  |l Remote Storage